Geography - Bristol - Statistics

General Stats
  • This quiz has been taken 16 times
  • The average score is 4 of 10
Answer Stats
Hint Answer % Correct
What is the life expectancy in Bristol? 83
80%
Where are most immigrants from? SomaliaIndia Poland Jamaica
70%
What percentage of housing is owner occupied? 81
40%
What percentage of people are unemployed? 3
30%
what percentage of the population have a degree? 50
30%
What percentage of students get top grades in their GCSE's? 94
30%
What percentage of the city does the Government aim to cover in trees? 30
20%
on average, how many crimes are there annually? 300
20%
By what percentage has the population grown since 2000? 9
20%
How many metres do 90% of the population live from a park? 350
10%
No matching quizzes found
Score Distribution
Percent of People with Each Score
Percentile by Number Answered
Your Score History
You have not taken this quiz